Krajiny V4 pri vstupe do Európskej únie makroekonomický vývoj a kapitálový trh
Krajiny V4 prešli vo svojom vývoji rozsiahlymi transformačnými zmenami, aby sa mohli zapojiť do integračných procesov v rámci Európskej únie. Na základe analýzy makroekonomických veličín autorky chcú ukázať spoločné črty, ale i špecifiká ich vývoja a dopad najmä na finančnú stránku týchto procesov...
Gespeichert in:
| 1. Verfasser: | |
|---|---|
| Weitere Verfasser: | |
| Format: | Buchkapitel |
| Sprache: | Slowakisch |
| Schlagworte: | |
| Tags: |
Keine Tags, Fügen Sie das erste Tag hinzu!
|
MARC
| LEADER | 00000naa$a2200000$$$4500 | ||
|---|---|---|---|
| 001 | 0004788 | ||
| 005 | 20240502071348.4 | ||
| 041 | 0 | |a slo | |
| 044 | |a SK | ||
| 245 | 1 | 0 | |a Krajiny V4 pri vstupe do Európskej únie |b makroekonomický vývoj a kapitálový trh |c aut. Božena Chovancová, Ľudmila Fabová |
| 520 | |a Krajiny V4 prešli vo svojom vývoji rozsiahlymi transformačnými zmenami, aby sa mohli zapojiť do integračných procesov v rámci Európskej únie. Na základe analýzy makroekonomických veličín autorky chcú ukázať spoločné črty, ale i špecifiká ich vývoja a dopad najmä na finančnú stránku týchto procesov v rámci hospodárstva. Ekonomiky V4 a ich kapitálové trhy. Inflácia verzus úrokové miery. Bankovníctvo v krajinách V4. | ||
| 610 | 2 | 0 | |a integrácia ekonomická medzinárodná |
| 610 | 2 | 0 | |a Európska únia |
| 610 | 2 | 0 | |a transformácia |
| 610 | 2 | 0 | |a makroekonomika |
| 610 | 2 | 0 | |a trh kapitálový |
| 610 | 2 | 0 | |a inflácia |
| 610 | 2 | 0 | |a miera úroková |
| 610 | 2 | 0 | |a Vyšehradská štvorka |
| 100 | 1 | |a Chovancová, Božena | |
| 700 | 1 | |a Fabová, Ľudmila | |